[Event "Budapest"]
[Site "Budapest"]
[Date "1982.??.??"]
[Round "3"]
[White "Szekely, Peter"]
[Black "Frey, Kenneth"]
[Result "1/2-1/2"]
[WhiteElo "2430"]
[BlackElo "2480"]

1.Nf3 d5 2.c4 e6 3.g3 c5 4.Bg2 Nf6 5.O-O Nc6 6.cxd5 exd5 7.d4 Be7 8.Nc3 O-O
9.dxc5 Bxc5 10.Bg5 d4 11.Bxf6  1/2-1/2

[Event "Caorle op"]
[Site "Caorle"]
[Date "1982.??.??"]
[Round "1"]
[White "Vaisman, Volodia"]
[Black "Krauseneck, Peter"]
[Result "1-0"]
[WhiteElo "2380"]
[BlackElo "2200"]

1.Nf3 d5 2.c4 c6 3.d4 Nf6 4.Nc3 dxc4 5.e4 Bg4 6.Bxc4 Bxf3 7.gxf3 e6 8.Be3 Nbd7
9.Bb3 Qa5 10.Rc1 Be7 11.Kf1 Qh5 12.h3 O-O 13.f4 Qxd1+ 14.Rxd1 Bb4 15.f3 Rfd8
16.Kf2 Kf8 17.a3 Ba5 18.Rd2 Rac8 19.Rhd1 Ke7 20.Ba2 c5 21.d5 exd5 22.Nxd5+ Nxd5
23.Rxd5 Bb6 24.Bc4 f6 25.Ke2 Nf8 26.f5 Nd7 27.Rg1 Kf8 28.f4 Bc7 29.Rgd1 Ke7
30.Bb5 Nb6 31.Bxc5+ Kf7 32.Rxd8 Rxd8 33.Rxd8 Bxd8 34.e5 fxe5 35.fxe5 g6 36.f6 Bc7
37.Bxb6 axb6 38.Bc4+ Kf8 39.e6 Be5 40.e7+  1-0

[Event "Politiken Cup"]
[Site "Copenhagen"]
[Date "1982.??.??"]
[Round "2"]
[White "Rind, Bruce"]
[Black "Jensen, Allan"]
[Result "1/2-1/2"]
[WhiteElo "2390"]
[BlackElo "2245"]

1.Nf3 d5 2.c4 e6 3.g3 c5 4.Bg2 Nc6 5.cxd5 exd5 6.d4 Nf6 7.O-O Bg4 8.Ne5 cxd4
9.Nxg4 Nxg4 10.e3 Nf6 11.exd4 Be7 12.Nc3 O-O 13.Be3 Qd7 14.Rc1 Rad8 15.Qa4 h6
16.Rfd1 Rfe8 17.Qb5 Bf8 18.h3 Bd6 19.Nxd5 Nxd5 20.Qxd5 Bxg3 21.Qxd7 Rxd7
22.Bxc6 bxc6 23.Rxc6 Be5 24.b3 Red8 25.Ra6 f5 26.d5 f4 27.Bxa7 Ra8 28.Re6 Bd6
29.Bd4 Rxa2 30.Rd3 Kf7 31.Re4 Ra5 32.Be5 Bxe5 33.Rxe5 Kf6 34.Rh5 g6 35.Rxh6 Rdxd5
36.Rc3 Rac5 37.Rxc5 Rxc5 38.Rh4 Kf5 39.Kg2 Rb5 40.Kf3 Rxb3+ 41.Kg2  1/2-1/2

[Event "Politiken Cup"]
[Site "Copenhagen"]
[Date "1982.??.??"]
[Round "3"]
[White "Rind, Bruce"]
[Black "Velikov, Petar"]
[Result "0-1"]
[WhiteElo "2390"]
[BlackElo "2470"]

1.Nf3 d5 2.c4 c6 3.d4 Nf6 4.Nc3 dxc4 5.a4 Bf5 6.e3 e6 7.Bxc4 Bb4 8.O-O O-O
9.Qe2 Nbd7 10.e4 Bg4 11.e5 Nd5 12.Bd2 Qe7 13.Bd3 f6 14.Nxd5 exd5 15.Bxb4 Qxb4
16.e6 Rfe8 17.Bxh7+ Kxh7 18.Qd3+ Kg8 19.exd7 Bxd7 20.Qc3 Qxc3 21.bxc3 Bf5
22.a5 Re2 23.Rfd1 Be4 24.Ne1 Re8 25.Kf1 Rb2 26.Ra4 Bf5 27.c4 Ree2 28.f3 Rf2+
29.Kg1 Bc2 30.Nxc2 Rfxc2 31.cxd5 Rxg2+ 32.Kf1 Rxh2 33.Kg1 cxd5 34.Ra3 Kf7
35.Rc3 Ke6 36.Re3+ Kf5 37.Re7 g5 38.Rd7 Kf4 39.Rxd5 Kg3  0-1

[Event "Esbjerg-B"]
[Site "Esbjerg"]
[Date "1982.??.??"]
[Round "5"]
[White "Rath, Ulrik"]
[Black "Flear, Glenn C"]
[Result "0-1"]
[WhiteElo "2395"]
[BlackElo "2390"]

1.Nf3 d5 2.c4 e6 3.g3 Nf6 4.Bg2 Be7 5.O-O O-O 6.b3 c5 7.Bb2 Nc6 8.e3 b6 9.Nc3 Bb7
10.cxd5 Nxd5 11.Nxd5 Qxd5 12.d4 Rad8 13.Ne5 Qd6 14.dxc5 Qxc5 15.Nd7 Qf5 16.e4 Qg5
17.h4 Qh6 18.Bc1 g5 19.hxg5 Qg7 20.e5 Kh8 21.Bf4 Ba3 22.b4 Bxb4 23.Qa4 Rxd7
24.Bxc6 Bxc6 25.Qxc6 Rfd8 26.Qa4 Bc5 27.Rad1 Rxd1 28.Rxd1 Qf8 29.Rxd8 Qxd8
30.Qxa7 Qd4 31.Qa8+ Kg7 32.Qf3 Qa1+ 33.Kh2 Qxa2 34.Be3 Qd5 35.Qf6+ Kg8 36.g6 hxg6
37.Bh6 Bf8 38.Bxf8 Kxf8 39.Qh8+ Ke7 40.Qf6+ Ke8 41.Qh8+ Kd7 42.Qf6 Kc6 43.Qxf7 Qxe5
44.Qxg6 b5 45.Qc2+ Qc5 46.Qe2 Qc4 47.Qf3+ Kd6 48.g4 b4 49.Qf8+ Ke5 50.Kg3 b3
51.g5 Qc2 52.Qf6+ Kd5 53.Qd8+ Kc4 54.Qc7+ Kd3 55.Qd6+ Kc3 56.Qe5+ Kd2 57.Qe3+ Kd1
58.Kg2 b2 59.Qd4+ Kc1 60.Qf4+ Kb1 61.Qg4 Qc6+ 62.Kh2 Ka2 63.Qe2 Qd6+ 64.Kg2 Ka1
65.Qe1+ b1=Q 66.Qa5+ Kb2 67.Qb5+ Ka2 68.Qa4+ Qa3 69.Qc4+ Qbb3 70.Qe2+ Kb1
71.Qe4+ Ka2 72.Qe2+ Qab2 73.Qa6+ Kb1 74.Qf1+ Qc1  0-1

[Event "Esbjerg-B"]
[Site "Esbjerg"]
[Date "1982.??.??"]
[Round "7"]
[White "Rath, Ulrik"]
[Black "Ravikumar, Vaidyanathan"]
[Result "0-1"]
[WhiteElo "2395"]
[BlackElo "2395"]

1.Nf3 d5 2.c4 d4 3.e3 Nc6 4.exd4 Nxd4 5.Nxd4 Qxd4 6.Nc3 Bg4 7.Qa4+ c6 8.d3 Qd7
9.Be3 Nf6 10.h3 Bh5 11.g4 Bg6 12.O-O-O e6 13.Bg2 Bd6 14.Ne4 Nxe4 15.dxe4 Qc7
16.Rxd6 Qxd6 17.e5 Qd3 18.Bxc6+ Kf8 19.Rd1 Qb1+ 20.Kd2 Qxb2+ 21.Ke1 bxc6
22.Qxc6 Qb8 23.Bg5 Qe8 24.Be7+ Kg8  0-1

[Event "CSR-ch"]
[Site "Frenstat"]
[Date "1982.??.??"]
[Round "14"]
[White "Plachetka, Jan"]
[Black "Dobrovolsky, Ladislav"]
[Result "1/2-1/2"]
[WhiteElo "2435"]
[BlackElo "2395"]

1.Nf3 d5 2.c4 d4 3.g3 Nc6 4.Bg2 e5 5.d3 Nf6 6.O-O Be7 7.b4 Nxb4 8.Nxe5 O-O
9.Bb2 Ng4 10.Nf3 c5 11.Nbd2 Qc7 12.Nb3 Bf5 13.Qd2 Rad8 14.Ng5 Ne3 15.fxe3 Bxg5
16.Nxd4 cxd4 17.Qxb4 Bxe3+ 18.Kh1 Bg4 19.Bf3 Bh3 20.Rfb1 b6 21.a4 Rfe8 22.a5 Re6
23.axb6 axb6 24.Ra8 Rxa8 25.Bxa8 Bg4 26.Ba3 Qc8 27.Bf3 Bxf3+ 28.exf3 Qa8
29.Kg2 g5 30.h3 h5 31.g4 Bf4 32.Rb2 hxg4 33.hxg4 Bd6 34.Qxd6 Rxd6 35.Bxd6 Qd8
36.c5 Kh7 37.Rxb6 Qe8 38.Rb2 Qc6 39.Rb4 Qd5 40.Rc4 Kg6 41.Bg3 f5  1/2-1/2

[Event "Gausdal Int"]
[Site "Gausdal"]
[Date "1982.??.??"]
[Round "4"]
[White "Agdestein, Espen"]
[Black "Store, Thor"]
[Result "1-0"]
[WhiteElo "2265"]
[BlackElo "2200"]

1.Nf3 d5 2.c4 c6 3.d4 e6 4.e3 f5 5.Be2 Bd6 6.b3 Nd7 7.O-O Qf6 8.Ba3 Bxa3
9.Nxa3 Nh6 10.b4 a6 11.Qa4 dxc4 12.Nxc4 b5 13.Nd6+ Ke7 14.Nxc8+ Rhxc8 15.Qb3 Nf7
16.Rac1 e5 17.dxe5 Nfxe5 18.Nxe5 Qxe5 19.Rfd1 Ra7 20.Bf3 Qf6 21.e4 Rac7 22.exf5 Qxf5
23.Be4 Qf7 24.Qg3 Nf6 25.Qd6+ Ke8 26.Bxc6+  1-0

[Event "Gausdal Jubilee"]
[Site "Gausdal"]
[Date "1982.??.??"]
[Round "6"]
[White "Myreng, Svein G"]
[Black "Hartung Nielsen, Jens"]
[Result "1/2-1/2"]
[WhiteElo "2220"]
[BlackElo "2240"]

1.Nf3 d5 2.c4 e6 3.d4 c5 4.cxd5 exd5 5.g3 Nc6 6.Bg2 c4 7.O-O Bb4 8.Bd2 Nge7
9.Bxb4 Nxb4 10.Nc3 O-O 11.b3 cxb3 12.Qxb3 Nbc6 13.Rfd1 Na5 14.Qb4 Be6 15.Ne5 Rc8
16.Rac1 f6 17.Nd3 Rc4 18.Qb2 Bf7 19.e3 Qd6 20.Nc5 b6 21.Nb5 Qd8 22.Nd3 Qd7
23.Nf4 Rfc8 24.Bf1 Rxc1 25.Rxc1 g5 26.Rxc8+ Qxc8 27.Bh3 Qc6 28.Nd3 Bg6 29.Bf1 Nc4
30.Qb4 Nc8 31.Nc3 N8d6 32.Bg2 Be4  1/2-1/2

[Event "Halle-Buna"]
[Site "Halle"]
[Date "1982.??.??"]
[Round "5"]
[White "Szekely, Peter"]
[Black "Malich, Burkhard"]
[Result "1/2-1/2"]
[WhiteElo "2430"]
[BlackElo "2435"]

1.Nf3 d5 2.c4 c6 3.cxd5 cxd5 4.d4 Nf6 5.Nc3 Nc6 6.Bf4 a6 7.e3 Bg4 8.Be2 Rc8
9.O-O e6 10.h3 Bxf3 11.Bxf3 Bd6 12.Bxd6 Qxd6 13.Rc1 O-O 14.Qd2 Ne7 15.g3  1/2-1/2

[Event "Hong Kong zt qual"]
[Site "Hong Kong"]
[Date "1982.??.??"]
[Round "?"]
[White "Li Zunian"]
[Black "De Guzman, Ricardo"]
[Result "1-0"]
[WhiteElo "2415"]
[BlackElo "2295"]

1.Nf3 d5 2.c4 c6 3.d4 Nf6 4.e3 g6 5.Nc3 Bg7 6.Bd3 O-O 7.O-O Nbd7 8.b3 Re8
9.Bb2 e5 10.dxe5 Ng4 11.cxd5 Ndxe5 12.Be2 Nxf3+ 13.Bxf3 Qh4 14.Bxg4 Bxg4
15.Qd2 Rad8 16.f3 Be6 17.d6 f5 18.f4 Bf7 19.Rad1 Rd7 20.e4 fxe4 21.Rfe1 Qf6
22.Na4 Qf5 23.Bxg7 Kxg7 24.Qd4+ Kg8 25.Nc5 Bd5 26.Nxd7 Qxd7 27.Qxa7 Qxd6
28.Qe3 Qf6 29.h3 Rf8 30.Rf1 Ra8 31.Rd2 Rf8 32.Rdf2 h5 33.Qa7 Qc3 34.f5 e3
35.Re2 c5 36.Qb6 Bc6 37.Rfe1 gxf5 38.Rxe3 Qd4 39.Kh2 Qd6+ 40.Kg1 Rf7 41.Re8+ Rf8
42.R8e6 Qd2 43.R6e2 Qd4+ 44.Rf2 Rf7 45.Re6 Qd5 46.Rxc6 bxc6 47.Qb8+ Kh7 48.Qf4 Qd1+
49.Kh2 Qd4 50.Qf3 h4 51.Qh5+ Kg7 52.Qg5+ Kh7 53.Rf4 Qe5 54.Qxh4+  1-0

[Event "Luzern ol (Men)"]
[Site "Luzern"]
[Date "1982.??.??"]
[Round "6"]
[White "Yap, Andronico"]
[Black "Lhagva, Jambaldoo"]
[Result "0-1"]
[WhiteElo "2385"]
[BlackElo "2335"]

1.Nf3 d5 2.c4 c6 3.g3 Nf6 4.Bg2 g6 5.b3 Bg7 6.Bb2 O-O 7.O-O Re8 8.Qc2 Bf5
9.d3 Qc8 10.Nbd2 Bh3 11.Rac1 Bxg2 12.Kxg2 Nbd7 13.d4 Nb6 14.a4 Qf5 15.a5 Nbd7
16.cxd5 Qxc2 17.Rxc2 Nxd5 18.Nc4 Nb4 19.Rd2 Nf6 20.Ba3 Na6 21.Re1 Ne4 22.Rc2 Rad8
23.e3 Rd5 24.Rb1 c5 25.dxc5 Naxc5 26.Bxc5 Rxc5 27.b4 Rc7 28.Rbc1 Rec8 29.Na3 Rxc2
30.Rxc2 Rxc2 31.Nxc2 Kf8 32.Nfd4 Ke8 33.Kf3 Nc3 34.e4 Bh6 35.Ne2 Na2 36.Nf4 Kd7
37.e5 Bxf4 38.Kxf4 Kc6 39.Kg5 Kb5 40.Kh6 Nxb4 41.e6 fxe6 42.Ne1 Kxa5 43.h4 Kb5
44.Nf3 a5 45.Nd2 a4 46.Nb1 Nd5 47.Kxh7 Kc4 48.Kxg6 b5 49.h5 Nf6 50.h6 b4
51.g4 a3 52.Nd2+ Kc3 53.g5 Kxd2 54.gxf6 exf6 55.h7 a2 56.h8=Q a1=Q 57.Qd8+ Kc1
58.Qc8+ Qc3 59.Qxe6 b3 60.Qa6 Kd2 61.f4 Qd3+ 62.Qxd3+ Kxd3 63.Kxf6 b2 64.f5 b1=Q
65.Kg7 Qb7+ 66.Kg6 Qe7  0-1

[Event "Luzern ol (Men)"]
[Site "Luzern"]
[Date "1982.??.??"]
[Round "6"]
[White "Kortschnoj, Viktor"]
[Black "Nogueiras, Jesus"]
[Result "1/2-1/2"]
[WhiteElo "2635"]
[BlackElo "2495"]

1.Nf3 d5 2.c4 e6 3.g3 dxc4 4.Qa4+ Bd7 5.Qxc4 c5 6.b3 Bc6 7.Bg2 Nd7 8.Bb2 Ngf6
9.O-O Be7 10.d3 O-O 11.Nbd2 Rc8 12.Rac1 Qa5 13.Qc2 Rfd8 14.Qb1 Qa6 15.Rfe1 b6
16.e4 Nf8 17.Nc4 b5 18.Nce5 Be8 19.Qa1 Ng6 20.Rc2 Bf8 21.Rec1 Nxe5 22.Nxe5 Nd7
23.Ng4 f6 24.Bf3 Be7 25.h4  1/2-1/2

[Event "Mar del Plata"]
[Site "Mar del Plata"]
[Date "1982.??.??"]
[Round "?"]
[White "Quinteros, Miguel A"]
[Black "Braga, Fernando"]
[Result "0-1"]
[WhiteElo "2505"]
[BlackElo "2375"]

1.Nf3 d5 2.c4 e6 3.d4 dxc4 4.Qa4+ Nd7 5.e4 Nf6 6.Nc3 c5 7.Bxc4 cxd4 8.Nxd4 Bc5
9.Nb3 O-O 10.Be2 Qc7 11.Bg5 h6 12.Bh4 Qb6 13.O-O Be7 14.Rac1 Ne5 15.Bg3 Nc6
16.e5 Nd7 17.Qe4 Qb4 18.f4 Nc5 19.Nxc5 Bxc5+ 20.Kh1 Rd8 21.a3 Qxe4 22.Nxe4 Be7
23.Rfd1 Bd7 24.Nd6 Bxd6 25.exd6 Rdc8 26.b4 Kf8 27.b5 Na5 28.Rc7 Ke8 29.Be1 Rxc7
30.dxc7 Nb3 31.Bb4 Rc8 32.Bd6 b6 33.a4 Nc5 34.Rd4 Nb7 35.Bb4 Rxc7 36.h4 Nc5
37.Ba3 Nb3 38.Rd3 Nc1 39.Rd2 Nxe2 40.Rxe2 Rc4 41.Bd6  0-1

[Event "Pamporovo"]
[Site "Pamporovo"]
[Date "1982.??.??"]
[Round "2"]
[White "Velikov, Petar"]
[Black "Padevsky, Nikola"]
[Result "1-0"]
[WhiteElo "2470"]
[BlackElo "2435"]

1.Nf3 d5 2.c4 d4 3.e3 Nc6 4.exd4 Nxd4 5.Nxd4 Qxd4 6.d3 e5 7.Nc3 Ne7 8.Qe2 Bg4
9.f3 Be6 10.Nb5 Qc5 11.Be3 Qc6 12.d4 a6 13.d5 Bxd5 14.cxd5 Qxb5 15.Qxb5+ axb5
16.Bxb5+ Kd8 17.d6 cxd6 18.Bb6+ Kc8 19.O-O Nc6 20.a4 Be7 21.f4 exf4 22.Rxf4 Bf6
23.Rd1 Rf8 24.Rc4 Kd7 25.a5 Rfc8 26.Rdc1 Ke6 27.a6 bxa6 28.Bxc6 Rab8 29.Ba7  1-0

[Event "Plovdiv"]
[Site "Plovdiv"]
[Date "1982.??.??"]
[Round "7"]
[White "Commons, Kim S"]
[Black "Nogueiras, Jesus"]
[Result "1/2-1/2"]
[WhiteElo "2460"]
[BlackElo "2495"]

1.Nf3 d5 2.c4 e6 3.d4 Nf6 4.e3 c5 5.cxd5 exd5 6.Be2 Nc6 7.O-O Be7 8.b3 O-O
9.Nc3 Ne4 10.Bb2 cxd4 11.Nxd4 Nxd4  1/2-1/2

[Event "Randers zt-B"]
[Site "Randers"]
[Date "1982.??.??"]
[Round "11"]
[White "Feustel, Bernd"]
[Black "Mortensen, Erling"]
[Result "1-0"]
[WhiteElo "2365"]
[BlackElo "2440"]

1.Nf3 d5 2.c4 dxc4 3.Na3 c5 4.Nxc4 Nc6 5.Nce5 Nxe5 6.Nxe5 Nf6 7.Qa4+ Nd7
8.g3 Qc7 9.d4 cxd4 10.Bf4 b5 11.Qxd4 Bb7 12.Rc1 Qd6 13.Qxd6 exd6 14.Nxd7 Bxh1
15.Nxf8 Bd5 16.Bxd6 Rd8 17.Bc7 Ra8 18.e4 Bxe4 19.Bd6 a6 20.Rc7 Bd5 21.Bh3 Rxf8
22.Re7+ Kd8 23.Rd7+ Ke8 24.Bxf8  1-0

[Event "Randers zt-B"]
[Site "Randers"]
[Date "1982.??.??"]
[Round "11"]
[White "Helmers, Knut J"]
[Black "Murrey, Jacob"]
[Result "0-1"]
[WhiteElo "2430"]
[BlackElo "2475"]

1.Nf3 d5 2.c4 d4 3.g3 Nc6 4.Bg2 g6 5.O-O Bg7 6.d3 Nf6 7.Na3 O-O 8.Nc2 a5
9.b3 e5 10.Bg5 h6 11.Bxf6 Qxf6 12.a3 Qe7 13.Rb1 Nd8 14.b4 Bd7 15.e3 axb4
16.axb4 Ra2 17.b5 dxe3 18.Nxe3 c6 19.bxc6 bxc6 20.d4 exd4 21.Nxd4 Re8 22.Ndc2 Ra7
23.Qd2 Ne6 24.Rfd1 Nc5 25.Nd4 Ne4 26.Qc2 Nxf2 27.Qxf2 Bxd4 28.Rxd4 Qxe3 29.Qxe3 Rxe3
30.Rd6 Re2 31.Rbd1 Bg4 32.Bxc6 Raa2 33.Bd5 Kg7 34.Rf1 Be6 35.Bf3 Rxh2 36.c5 Bc4
37.Rc1 Rh3 38.Rxc4 Rxg3+ 39.Kh1 Rxf3 40.Rd1 Rff2 41.Rdc1 Ra7 42.c6 Rc7 43.Kg1 Rd2
44.Rc5 f5  0-1

[Event "Reykjavik op"]
[Site "Reykjavik"]
[Date "1982.??.??"]
[Round "?"]
[White "Thorsteins, Karl"]
[Black "Abramovic, Bosko"]
[Result "0-1"]
[WhiteElo "2305"]
[BlackElo "2445"]

1.Nf3 d5 2.c4 e6 3.b3 Nf6 4.g3 b6 5.Bg2 Bb7 6.O-O Be7 7.Bb2 O-O 8.e3 c6 9.Qe2 Nbd7
10.Nc3 a5 11.d3 Nc5 12.Rad1 a4 13.d4 Nce4 14.Nd2 Nxd2 15.Qxd2 a3 16.Ba1 Ba6
17.Rfe1 Bb4 18.Qc2 Qe7 19.cxd5 cxd5 20.e4 dxe4 21.Nxe4 Rac8 22.Qb1 Bxe1 23.Nxf6+ Qxf6
24.Rxe1 Qh6 25.f4 Bb5 26.Re5 Bc6 27.Bf1 Bd5 28.Qd1 f6 29.Rh5 Qg6 30.Bd3 Rc1
31.Qxc1 Qxd3 32.Qe1 f5  0-1

[Event "DDR-ch (Women) "]
[Site "Salzwedel"]
[Date "1982.??.??"]
[Round "12"]
[White "Kube, Hannelore"]
[Black "Starck, Ines"]
[Result "0-1"]
[WhiteElo "1935"]
[BlackElo "2030"]

1.Nf3 d5 2.c4 c6 3.b3 Nf6 4.g3 g6 5.Bb2 Bg7 6.Bg2 O-O 7.d3 Nbd7 8.Nbd2 Re8
9.O-O e5 10.cxd5 Nxd5 11.Nc4 Qc7 12.e4 N5b6 13.d4 Nxc4 14.bxc4 exd4 15.Bxd4 Rxe4
16.Bxg7 Kxg7 17.Qd3 Nc5 18.Qc3+ Kg8 19.Ng5 Re7 20.Rfe1 Bf5 21.Qd4 Rae8 22.Rxe7 Qxe7
23.Nf3 b6 24.h4 Rd8 25.Qe5 Qd7 26.Ng5 Qd4 27.Qxd4 Rxd4 28.Bxc6 h6 29.Nf3 Rxc4
30.Rd1 Rc2 31.Rd8+ Kg7 32.Bd5 Be4 33.Nd4 Rc1+  0-1

[Event "URS-ch sf"]
[Site "Severodonetsk"]
[Date "1982.??.??"]
[Round "?"]
[White "Gavrikov, Viktor"]
[Black "Malaniuk, Vladimir P"]
[Result "0-1"]
[WhiteElo "2430"]
[BlackElo "2430"]

1.Nf3 d5 2.c4 d4 3.g3 g6 4.Bg2 Bg7 5.O-O Nc6 6.d3 e5 7.e4 dxe3 8.fxe3 e4
9.dxe4 Qxd1 10.Rxd1 Ne5 11.Nxe5 Bxe5 12.Nd2 Bg4 13.Nf3 Bxf3 14.Bxf3 Nf6 15.Bd2 O-O-O
16.Rab1 h5 17.b3 Ng4 18.h3 Nf6 19.Be1 Rhe8 20.b4 Rd6 21.Rxd6 Bxd6 22.c5 Bf8
23.Bc3 Nxe4 24.Bxe4 Rxe4 25.Bd4 Kd7 26.Kf2 a6 27.Ke2 f5 28.Kd3 Be7 29.a4 Bd8
30.b5 c6 31.bxa6 bxa6 32.Ke2 Bc7 33.Kf3 Re8 34.Bf6 Re4 35.Bd4 g5 36.Kg2 g4
37.Rh1 Be5 38.hxg4 hxg4 39.Rh7+ Ke6 40.Rh6+ Kd5 41.Bxe5 Rxe5 42.Kf2 Kxc5
43.Ke2 a5 44.Kd3 Kb4 45.Rxc6 Kxa4 46.Kd4  0-1

[Event "Smederevska Palanka"]
[Site "Smederevska Palanka"]
[Date "1982.??.??"]
[Round "13"]
[White "Jansa, Vlastimil"]
[Black "Kurajica, Bojan"]
[Result "1/2-1/2"]
[WhiteElo "2475"]
[BlackElo "2510"]

1.Nf3 d5 2.c4 e6 3.g3 Nf6 4.Bg2 Be7 5.O-O O-O 6.b3 b6 7.Bb2 Bb7 8.e3 c5 9.Nc3 Nc6
10.cxd5 Nxd5 11.Nxd5 Qxd5  1/2-1/2

[Event "Tbilisi sim m"]
[Site "Tbilisi"]
[Date "1982.??.??"]
[Round "?"]
[White "Tal, Mihail"]
[Black "Bronstein, David I"]
[Result "1/2-1/2"]
[WhiteElo "2605"]
[BlackElo "2495"]

1.Nf3 d5 2.c4 d4 3.g3 g6 4.Bg2 Bg7 5.O-O Nc6 6.d3 e5 7.e3 dxe3 8.fxe3 Nge7
9.Nc3 O-O 10.Qe2 Bf5 11.Rd1 Qd7 12.Ne4 Bxe4 13.dxe4 Qg4 14.h3 Qe6 15.b3 f5
16.Bb2 Bh6 17.exf5 Nxf5 18.Nxe5 Nce7 19.Ng4 Bg7 20.Bxg7 Nxg7 21.Bxb7 Rae8
22.Rd4 h5 23.Nf2 Ngf5 24.Rad1 Nxd4 25.Rxd4 Nf5 26.Bd5 Nxd4 27.Bxe6+ Rxe6
28.Qd3 Nf3+ 29.Kh1 Rd6 30.Qc2 Kh7 31.Ne4 Re6 32.Qd3 Rfe8 33.Qd5 R8e7 34.Ng5+ Nxg5
35.Qxg5 Rxe3 36.h4 Re8 37.Kg1 R8e5 38.Qf4 Kg7 39.Qd4 c5 40.Qd7+ Kf6 41.Kf1 R3e4
42.Qd8+ Kg7 43.Qc7+ Re7 44.Qxc5 Rf7+ 45.Kg2 Re2+ 46.Kg1 Rxa2 47.Qe5+ Kh7
48.Qe8 Raf2 49.Qe1 R2f3 50.b4 a6 51.c5 Rd3 52.Kg2 Rff3 53.Qe7+ Kh6 54.Qg5+ Kh7  1/2-1/2

[Event "Varna"]
[Site "Varna"]
[Date "1982.??.??"]
[Round "6"]
[White "Stefanov, Parik"]
[Black "Nogueiras, Jesus"]
[Result "1/2-1/2"]
[WhiteElo "2350"]
[BlackElo "2495"]

1.Nf3 d5 2.c4 e6 3.g3 c5 4.Bg2 Nf6 5.O-O Be7 6.d4 O-O 7.cxd5 exd5 8.Nc3 Nc6
9.dxc5 Bxc5 10.Bg5 d4 11.Bxf6 Qxf6 12.Nd5 Qd8 13.Nd2  1/2-1/2

[Event "Valby SK"]
[Site "Valby"]
[Date "1983.05.22"]
[Round "8"]
[White "Cramling, Pia"]
[Black "Kovacs, Laszlo M"]
[Result "1-0"]
[WhiteElo "2355"]
[BlackElo "2350"]

1.Nf3 d5 2.c4 c6 3.d4 Nf6 4.cxd5 cxd5 5.Nc3 Nc6 6.Bf4 Bf5 7.e3 Qb6 8.Bb5 a6
9.Bxc6+ bxc6 10.O-O Ne4 11.Nxe4 Bxe4 12.Ne5 f6 13.Nd3 h5 14.h4 Bf5 15.Rc1 e6
16.Rc3 a5 17.Qd2 a4 18.Rfc1 Qb5 19.Nc5 Be7 20.b3 a3 21.f3 Kf7 22.Qf2 Rac8
23.e4 dxe4 24.fxe4 Bg4 25.Nd3 Rhd8 26.Be3 Kg8 27.Qc2 f5 28.Ne5 c5 29.Ng6 Bf6
30.e5 Kf7 31.exf6 Kxg6 32.fxg7 Kxg7 33.Qf2 Qd7 34.Rxc5 Rxc5 35.Rxc5 Rc8 36.Qf4 Rxc5
37.dxc5 Qd1+ 38.Kh2 Qd5 39.Bd4+ Kf7 40.Qc7+ Ke8 41.Qc8+ Ke7 42.Qc7+ Ke8 43.Qg7 Be2
44.b4 Qe4 45.Qg8+ Kd7 46.Bf2 Bc4 47.Qf7+ Kd8 48.Qf8+ Kd7 49.Qd6+ Ke8 50.c6 Qd5
51.Qb8+ Kf7 52.Qb7+ Kf6 53.Qc8 Qd6+ 54.Bg3 e5 55.c7 Ba6 56.Qd8+  1-0

[Event "BRA-ch 50th"]
[Site "Sao Paulo"]
[Date "1983.05.??"]
[Round "5"]
[White "Resende, Antonio Carlos"]
[Black "Van Riemsdijk, Herman C"]
[Result "0-1"]
[WhiteElo "2325"]
[BlackElo "2380"]

1.Nf3 d5 2.c4 d4 3.g3 Nc6 4.Bg2 e5 5.d3 Bb4+ 6.Nbd2 a5 7.O-O Nf6 8.Qc2 O-O
9.a3 Be7 10.Re1 h6 11.e3 dxe3 12.Rxe3 Bc5 13.Re1 Bf5 14.Ne4 Nxe4 15.dxe4 Bg4
16.Be3 Qe7 17.Rad1 Rfd8 18.Qb3 Bd4 19.h3 Bxf3 20.Bxf3 Ra6 21.Qc2 Rb6 22.Bc1 Bc5
23.Rxd8+ Qxd8 24.Qc3 Nd4 25.Bd1 Rf6 26.Be3 a4 27.Kg2 Qa8 28.f3 Qa6 29.h4 Rc6
30.f4 Bb6 31.fxe5 Ba5 32.Qxd4 Bxe1 33.Qd8+ Kh7 34.Be2  0-1

[Event "BRA-ch 50th"]
[Site "Sao Paulo"]
[Date "1983.05.??"]
[Round "7"]
[White "Milos, Gilberto"]
[Black "Van Riemsdijk, Herman C"]
[Result "1-0"]
[WhiteElo "2380"]
[BlackElo "2380"]

1.Nf3 d5 2.c4 d4 3.e3 Nc6 4.Nxd4 Nxd4 5.exd4 Qxd4 6.Nc3 e5 7.Be2 Ne7 8.O-O Nf5
9.d3 c6 10.Re1 Be7 11.Bf1 O-O 12.Bd2 Re8 13.Qc1 Qd6 14.Kh1 Bd7 15.Ne4 Qg6
16.Bc3 Bd6 17.b4 h6 18.Qb2 f6 19.f3 Bc7 20.Nc5 Bc8 21.Qf2 Rd8 22.a4 a5 23.bxa5 Bxa5
24.Bxa5 Rxa5 25.Nb3 Ra6 26.f4 Nd4 27.Nxd4 Rxd4 28.fxe5 c5 29.Qf3 Re6 30.exf6 Rxf6
31.Qe3 Bd7 32.Qe7 Bc6 33.Ra2 Rdf4 34.Kg1 Rf8 35.Qxc5 Qf6 36.Raa1 Rf2 37.Qe3 Kh8
38.Qg3 Qd4 39.Kh1 Qxa1 40.Qxf2 Rxf2 41.Rxa1 Rd2 42.a5 Kg8 43.h3 Kf7 44.Kg1 Kf6
45.a6  1-0

[Event "Candidats (Women) qf1"]
[Site "Bad Kissingen"]
[Date "1983.??.??"]
[Round "1"]
[White "Muresan, Margareta"]
[Black "Semenova, Lidia K"]
[Result "0-1"]
[WhiteElo "2240"]
[BlackElo "2225"]

1.Nf3 d5 2.c4 c6 3.e3 Nf6 4.Nc3 g6 5.d4 Bg7 6.Be2 O-O 7.O-O dxc4 8.Bxc4 Bg4
9.h3 Bxf3 10.Qxf3 Nbd7 11.Rd1 e5 12.d5 e4 13.Qe2 c5 14.Bd2 Qe7 15.Be1 Ne8
16.Bb5 Nd6 17.Bxd7 Qxd7 18.Qc2 Rfe8 19.Ne2 Rac8 20.Bc3 Qe7 21.Rac1 Be5 22.Qa4 b5
23.Qa6 Qd7 24.Bxe5 Rxe5 25.Nf4 c4 26.Qa5 Qb7 27.Qc3 Ree8 28.a3 Qe7 29.Qb4 Qe5
30.Rc3 Kg7 31.Rd4 h5 32.Rc2 h4 33.Ne2 g5 34.Nc3 Rb8 35.Qa5 Re7 36.Na2 g4
37.hxg4 Rh8 38.Qc3 f6 39.Nb4 Qg5 40.Nc6 Rd7 41.Qe1 Qxg4 42.Qe2 Qxe2 43.Rxe2 h3
44.g3 f5 45.Rd1 Kf6 46.Nd4 a6 47.Ne6 a5 48.Rc2 Ra7 49.Ra1 Raa8 50.Nf4 b4
51.axb4 axb4 52.Rcc1 Rhc8 53.Kh2 Ke5 54.Kxh3 c3 55.Rxa8 Rxa8 56.bxc3 b3 57.Rb1 Rb8
58.Ne2 b2 59.Nd4 Kxd5 60.Nc2 Kc4 61.Rd1 Kb3 62.Nd4+ Kxc3  0-1

[Event "Candidats (Women) qf1"]
[Site "Bad Kissingen"]
[Date "1983.??.??"]
[Round "3"]
[White "Muresan, Margareta"]
[Black "Semenova, Lidia K"]
[Result "1-0"]
[WhiteElo "2240"]
[BlackElo "2225"]

1.Nf3 d5 2.c4 c6 3.e3 Nf6 4.Nc3 g6 5.d4 Bg7 6.Be2 O-O 7.O-O dxc4 8.Bxc4 Bg4
9.h3 Bxf3 10.Qxf3 Nbd7 11.Rd1 e5 12.d5 e4 13.Nxe4 Nxe4 14.Qxe4 Nb6 15.Rb1 Re8
16.Qd3 Qh4 17.Bb3 Rad8 18.Bd2 Nxd5 19.Qc4 Qxc4 20.Bxc4 Rd7 21.Be2 Nf4 22.Bf3 Red8
23.Ba5 Rxd1+ 24.Rxd1 Rxd1+ 25.Bxd1 Nd5 26.e4 Nf4 27.b3 Bd4 28.Kf1 Nd3 29.f3 g5
30.Bd2 f6 31.Bc2 Nf4 32.h4 h6 33.g3 Nh5 34.hxg5 hxg5 35.Kg2 Be5 36.Be1 Ng7
37.Bf2 b6 38.Bd3 Kf7 39.Kh3 Ne6 40.Bc4 Ke7 41.Kg4 Bc3 42.f4 gxf4 43.gxf4 Nd4
44.Bh4 b5 45.Bd3 Ke6 46.f5+ Kf7 47.Bg3 Ba1 48.Bd6 c5 49.Bxc5 a6 50.Kf4 Nc6
51.Be2 Ke8 52.Ke3 Kd7 53.a4 bxa4 54.bxa4 Nb8 55.Bc4 Kc6 56.Ba7 Be5 57.Kd3 Nd7
58.Bd5+ Kc7 59.Be6 Nf8 60.Bc4 Kb7 61.Bd4 Nd7 62.Be6 Bxd4 63.Kxd4 Ne5 64.Kc5 Kc7
65.Bc4 Nd7+ 66.Kd4 Nb8 67.Kd5 Nd7 68.a5 Nb8 69.Ke6 Nd7 70.Bd5 Kd8 71.Bc6 Ne5
72.Ba4 Nc4 73.Bb3 Nd2 74.Bc2 Nc4 75.Kxf6 Nxa5 76.e5  1-0

[Event "Candidats (Women) qf1"]
[Site "Bad Kissingen"]
[Date "1983.??.??"]
[Round "5"]
[White "Muresan, Margareta"]
[Black "Semenova, Lidia K"]
[Result "1/2-1/2"]
[WhiteElo "2240"]
[BlackElo "2225"]

1.Nf3 d5 2.c4 c6 3.e3 Nf6 4.Nc3 g6 5.d4 Bg7 6.Be2 O-O 7.O-O dxc4 8.Bxc4 Bg4
9.h3 Bxf3 10.Qxf3 Nbd7 11.Rd1 e5 12.d5 e4 13.Nxe4 Nxe4 14.Qxe4 Nb6 15.Bb3 cxd5
16.Bxd5 Re8 17.Qf3 Nxd5 18.Rxd5 Qf6 19.Qxf6 Bxf6 20.Bd2 Rac8 21.Bc3 Bxc3
22.bxc3 Rxc3 23.Rd7 Rb8 24.Rb1 a6 25.Rbxb7 Rxb7 26.Rxb7 Rc1+ 27.Kh2 Rc2 28.a4 Rc4
29.g4 Rxa4 30.Ra7 a5 31.e4 Ra1 32.g5 a4 33.f4 a3 34.f5 gxf5 35.exf5 h6 36.g6 fxg6
37.fxg6 a2 38.h4 h5 39.Kg2 Kf8  1/2-1/2

[Event "Candidats (Women) qf1"]
[Site "Bad Kissingen"]
[Date "1983.??.??"]
[Round "7"]
[White "Muresan, Margareta"]
[Black "Semenova, Lidia K"]
[Result "1-0"]
[WhiteElo "2240"]
[BlackElo "2225"]

1.Nf3 d5 2.c4 c6 3.e3 Nf6 4.Nc3 g6 5.d4 Bg7 6.Be2 O-O 7.O-O dxc4 8.Bxc4 Bg4
9.h3 Bxf3 10.Qxf3 Nbd7 11.Rd1 e5 12.d5 e4 13.Nxe4 Nxe4 14.Qxe4 Nb6 15.Bb3 cxd5
16.Bxd5 Re8 17.Qf3 Nxd5 18.Rxd5 Qe7 19.Rb1 Rac8 20.Bd2 Rc2 21.a4 Bxb2 22.e4 Be5
23.Qb3 Rc7 24.Be3 b6 25.Rbd1 Bg7 26.Bf4 Rc3 27.Qb5 h5 28.Rd7 Qxe4 29.Rxa7 Rec8
30.Be3 R3c6 31.Qb3 Qf5 32.Rb7 Rc2 33.Qxb6 Re8 34.Rd8 Rc8 35.Rxe8+ Rxe8 36.a5 Qc2
37.Qb3 Qxb3 38.Rxb3 Ra8 39.Bb6 Be5 40.Rd3 Kg7 41.Kf1 Kf6 42.Ke2 Ke7 43.Kd2 Bf4+
44.Kc3 Rc8+ 45.Kb4 Rc1 46.a6  1-0

[Event "Bela Crkva op"]
[Site "Bela Crkva"]
[Date "1983.??.??"]
[Round "4"]
[White "Rukavina, Josip"]
[Black "Abramovic, Bosko"]
[Result "1/2-1/2"]
[WhiteElo "2465"]
[BlackElo "2475"]

1.Nf3 d5 2.c4 e6 3.d4 Nf6 4.Nc3 Be7 5.Bg5 h6 6.Bxf6 Bxf6 7.e3 O-O 8.Qd2 Nc6
9.Rc1 a6 10.Be2 dxc4 11.Bxc4 e5 12.d5 Na7 13.h3 Bd7 14.O-O Nc8 15.Ne4 Nd6
16.Bd3 Rc8 17.Rfd1 g6 18.Qb4 Qe7 19.Nfd2 Nxe4 20.Qxe7 Bxe7 21.Nxe4 Rfd8 22.Bc4 Kf8
23.Bb3 Bd6 24.Nc5 Rb8  1/2-1/2